|
|
|
|
| LEADER |
00932nam a2200253 a 4500 |
| 001 |
9719592 |
| 008 |
090713r19572001enk 000 0 eng d |
| 010 |
|
|
|a 40008103
|
| 040 |
|
|
|a DLC
|c IDeKN
|d DLC
|
| 082 |
0 |
0 |
|a 820.9/3552
|2 21
|
| 999 |
|
|
|c 2376
|d 2376
|
| 999 |
|
|
|c 2376
|
| 999 |
|
|
|c 2376
|
| 100 |
1 |
|
|a Orwell, George,
|d 1903-1950
|9 1191
|
| 245 |
1 |
0 |
|a Inside the whale, and other essays,
|c by George Orwell.
|
| 260 |
|
|
|a London,
|b Penguin Books,
|c 1957.[reprinted 2001]
|
| 300 |
|
|
|a 202 p.
|c 23 cm.
|
| 505 |
0 |
|
|a Charles Dickens.--Boys' weeklies.--Inside the whale.
|
| 541 |
1 |
|
|e 00014391
|
| 650 |
|
0 |
|a English literature
|y 20th century
|x History and criticism.
|9 1192
|
| 740 |
0 |
|
|a Boys' weeklies.
|
| 852 |
4 |
|
|a Ayesha Abed Library
|j General Shelf.
|
| 942 |
|
|
|2 ddc
|c BK
|
| 952 |
|
|
|0 0
|1 0
|2 ddc
|4 0
|6 820_935520000000000_ORW
|7 0
|9 16316
|a BRACUL
|b BRACUL
|c GEN
|d 2011-05-07
|l 2
|m 13
|o 820.93552 ORW
|p 3010014391
|r 2024-06-02
|s 2024-02-08
|t 1
|w 2011-05-07
|y BK
|